The Qur'an and Modern Science / (Record no. 20831)

MARC details
000 -LEADER
fixed length control field 00592nam a22001817a 4500
003 - CONTROL NUMBER IDENTIFIER
control field BDDh-ASL
005 - DATE AND TIME OF LATEST TRANSACTION
control field 20231015025936.0
008 - FIXED-LENGTH DATA ELEMENTS--GENERAL INFORMATION
fixed length control field 210114s1983 bg ||||| |||| 00| 0 eng d
040 ## - CATALOGING SOURCE
Transcribing agency BDDh-ASL
082 ## - DEWEY DECIMAL CLASSIFICATION NUMBER
Classification number 297.1220
Item number BUQ
100 1# - MAIN ENTRY--PERSONAL NAME
9 (RLIN) 2762
Personal name Bucaille, Maurice
Titles and words associated with a name Dr.
245 14 - TITLE STATEMENT
Title The Qur'an and Modern Science /
260 ## - PUBLICATION, DISTRIBUTION, ETC.
Place of publication, distribution, etc. Dhaka:
Name of publisher, distributor, etc. Islamic Foundation Bangladesh,
Date of publication, distribution, etc. 1983.
300 ## - PHYSICAL DESCRIPTION
Extent 31 p.:
Dimensions 21 cm.
650 #0 - SUBJECT ADDED ENTRY--TOPICAL TERM
9 (RLIN) 1854
Topical term or geographic name entry element Quran
General subdivision Islam
650 #0 - SUBJECT ADDED ENTRY--TOPICAL TERM
Topical term or geographic name entry element Religion, ধর্ম, Dharma, faith, creed, law, worship, property, আস্তিকতা, দীন
9 (RLIN) 2606
942 ## - ADDED ENTRY ELEMENTS (KOHA)
Source of classification or shelving scheme Dewey Decimal Classification
Koha item type Books
Holdings
Withdrawn status Lost status Source of classification or shelving scheme Damaged status Not for loan Collection code Home library Current library Shelving location Date acquired Source of acquisition Total Checkouts Full call number Barcode Date last seen Copy number Price effective from Koha item type
    Dewey Decimal Classification     Non-fiction Asiatic Society Library Asiatic Society Library General Stacks 01/14/2021 Donated by Prof. (Dr.) M. Abdul Qayyum & Dr. Razia Sultana   297.1220 BUQ 104335 01/14/2021 C-1 01/14/2021 Books

Powered by Koha